Světové metropole včera a dnes

Gespeichert in:
Bibliographische Detailangaben
1. Verfasser: Antoniou, Jim (Verfasst von)
Format: Buch
Sprache:Tschechisch
Veröffentlicht: Praha : Fortuna Print, 1999
Schlagworte:
Tags: Tag hinzufügen
Keine Tags, Fügen Sie das erste Tag hinzu!

MARC

LEADER 00000nam a22000003a 4500
001 stu73474
005 20150617225646.9
008 020130s1999----xr------------------cze-d
020 |a 80-86144-32-1 
040 |a STU  |b slo 
041 0 |a cze 
044 |a xr 
080 |a 711.432 
080 |a 72 
080 |a 931 
100 1 |a Antoniou, Jim  |4 aut 
245 1 |a Světové metropole včera a dnes 
260 |a Praha :  |b Fortuna Print,  |c 1999 
300 |a 144 s.;obr 
500 |a prel. z angl.orig. 
650 7 |a urbanizmus  |2 stusub 
650 7 |a metropoly  |2 stusub 
650 7 |a Rím  |2 stusub 
650 7 |a Praha  |2 stusub 
650 7 |a Paríž  |2 stusub 
650 7 |a Jeruzalém  |2 stusub 
650 7 |a San Francisco  |2 stusub 
996 |b 284V028655  |c V*47268/O-20807  |l VVT  |s A  |a 24  |w stu73474_0001 
996 |c V*47356/O-20872  |l VV2  |s P  |a 0  |w stu73474_0002 
996 |b 284AU02880  |c A*3815 U  |l AAKNST  |s P  |a 0  |w stu73474_0003